Number 1 hits of 2023 - Statistics

General Stats
  • This quiz has been taken 80 times
  • The average score is 7 of 17
Answer Stats
Artist Song % Correct
Miley Cyrus Flowers
93%
Olivia Rodrigo Vampire
72%
SZA Kill Bill
68%
Doja Cat Paint the Town Red
66%
Taylor Swift Cruel Summer
55%
Jungkook ft. Latto Seven
46%
The Weeknd & Ariana Grande Die for You
45%
Jack Harlow Lovin on Me
45%
Morgan Wallen Last Night
38%
Brenda Lee Rockin' Around the Christmas Tree
34%
Drake ft. J. Cole First Person Shooter
31%
Is It Over Now?
31%
Zach Bryan ft. Kacey Musgraves I Remember Everything
27%
Drake ft. SZA Slime You Out
27%
Oliver Anthony Music Rich Men North of Richmond
24%
Jason Aldean Try That in a Small Town
20%
Jimin Like Crazy
14%
No matching quizzes found
Score Distribution
Percent of People with Each Score
Percentile by Number Answered
Your Score History
You have not taken this quiz